Sea trek [
| Main Author: | |
|---|---|
| Format: | Book |
| Published: |
London :
BBC Video ,
1993
|
| Subjects: |
MARC
| LEADER | 00000cam a2200000 7i4500 | ||
|---|---|---|---|
| 001 | 0000001987 | ||
| 002 | 000002166 | ||
| 005 | 20020926.0 | ||
| 020 | |a 000002166 | ||
| 090 | 0 | 0 | |a 574.52636 |b SEA |
| 100 | 1 | |a Holmes, Martha | |
| 245 | 1 | 0 | |a Sea trek [ |h video recording] |c Martha Holmes and Mike deGruy |
| 260 | |a London : |b BBC Video , |c 1993 | ||
| 300 | |a 1 Video recording VHS (147 minutes) : |b col. | ||
| 500 | |a Library has 1 copy | ||
| 650 | 0 | 0 | |a Underwater exploration |x Marine biologist |
| 999 | |a 00071 |b VIDEO |c KOLEKSI AUDIO VIDEO |e PERPUSTAKAAN KOMUNITI PETALING JAYA | ||